000 00676nam a2200289Ia 4500
005 20260324142735.0
008 008 260324s9999 xx 000 0 eng d
020 _a9781315785196
037 _aEBOOK
040 _aCRL
040 _beng
040 _cCRL
041 _2eng
041 _aeng
084 _qCRL
100 _aDavid W. Foster
_91203793
245 0 _aLiteratura Hispanoamericana
245 0 _bUna Antologia - An Anthology
260 _bTaylor and Francis
260 _c1994
365 _a
365 _b365
856 _uhttp://www.taylorfrancis.com/books/9781315785196
942 _cEBOOK
999 _c1817605
_d1817605